000 00392 a2200145 4500
082 _a428 CHI
090 _c39033
_d39033
100 _aChishti, B. A.
245 _aPolymer english grammar and composition for BA Students
_cKhan RA ; Hamid S A.
250 _arev ed
260 _aLahore
_bPolymer Pub
_c1994
300 _axvi,704 p.
500 _aCFT textbook
942 _aNUST-CAE
_k428 CHI
999 _c466105
_d466105